| 000 | 01917nam a22002657a 4500 | ||
|---|---|---|---|
| 003 | OSt | ||
| 005 | 20240215101142.0 | ||
| 008 | 240209s2006 |||||||| |||| 00| 0 spa d | ||
| 020 | _a987224622X | ||
| 040 | _cbesoc | ||
| 245 | 0 | 0 |
_aNueva historia de Santa Fe / _cDarío G. Barriera, director |
| 260 |
_aRosario : _bProhistoria Ediciones, _c2006 |
||
| 300 | _a12 v. | ||
| 505 | 0 | _aTomo 1. Los pueblos originarios / Juan Nobile -- Tomo 2. Conquista y colonización hispánica : Santa Fe la Vieja (1573-1660) / Darío G. Barriera -- Tomo 3. Economía y sociedad : (siglos XVI a XVIII) / Darío Barriera -- Tomo 4. Adiós a la monarquía : de los años revolucionarios a la crisis de 1820 / Griselda B. Tarragó, Darío G. Barriera -- Tomo 5. De la autonomía a la integración : Santa Fe entre 1820 y 1853 / Griselda B. Tarragó -- Tomo 6. La organización productiva y política del territorio provincial (1853-1912) / Marta S. Bonaudo -- Sociabilidad, corporaciones, instituciones (1860-1930) / Sandra R. Fernández -- Tomo 8. Identidad y vida cotidiana (1860-1930) / Sandra R. Fernández -- Tomo 9. El Siglo Veinte : problemas sociales, política de Estado y economías regionales : 1912-1976 / Oscar R. Videla -- Tomo 10. La sociedad en movimiento : expresiones culturales, sociales y deportivas (Siglo XX) / Diego P. Roldán -- Tomo 11. De los cordones industriales a la integración del eje Mercosur (1940-2005) / Gabriela Águila -- Tomo 12. El tiempo presente / Gabriela Águila, Oscar Ruben Videla.- | |
| 651 | 4 |
_aSanta Fe (Argentina) _xHistoria |
|
| 700 | 1 |
_aBarriera, Darío G. _edirector _eautor |
|
| 700 | 1 |
_aNobile, Juan _eautor |
|
| 700 | 1 |
_aTarragó, Griselda B. _eautor |
|
| 700 | 1 |
_aMarta S. Bonaudo _eautor |
|
| 700 | 1 |
_aFernández, Sandra R. _eautor |
|
| 700 | 1 |
_aOscar R. Videla _eautor |
|
| 700 | 1 |
_aRoldán, Diego P. _eautor |
|
| 700 | 1 |
_aÁguila, Gabriela _eautor |
|
| 942 |
_2udc _cOG _n0 |
||
| 999 |
_c195 _d195 |
||